00479nam a2200085Ia 4500008004100000245002700041300025700068650001600325856005200341170517s9999 xx 000 0 und d aBorn at the Burnt Land aFollowing the resolution of Operation Desert Storm in 1991, American troops returned home to a rousing welcome from a grateful public. But for many of these veterans, their war had just begun. Widespread incidents of memory loss, eyesight impairment... xTechnology. uhttp://topdocumentaryfilms.com/born-burnt-land/